The helmsmen at the National Institute

Guardat en:
Dades bibliogràfiques
Format: Llibre
Idioma:anglès
Publicat: National Institute for policy and strategic studies,
Etiquetes: Afegir etiqueta
Sense etiquetes, Sigues el primer a etiquetar aquest registre!

MARC

LEADER 00000nam a22000007a 4500
008 201210b ||||| |||| 00| 0 eng d
245 |a The helmsmen at the National Institute  |c /Dunbo A. Briggs.- Kuru  |f , vi,142p. 
260 |b National Institute for policy and strategic studies,  |h , 2004  |i 688827   |l JQ3090 .B76  |m National Institute for policy and strategic studies (Nigeria) – Biography 
942 |a lcc  |c BK  |e Olagoke,M A  |f 10/12/2020 
952 |0 0  |1 0  |2 lcc  |4 0  |6 JQ3090 B76  |7 0  |9 276  |a HOL  |b HOL  |c GJ  |d 2020-12-10  |l 0  |o JQ3090 .B76  |p 2020-2014  |r 2020-12-10 00:00:00  |w 2020-12-10  |y BK 
999 |c 114  |d 114